000 00595nam a2200181Ia 4500
008 100920s9999 xx 000 0 und d
082 _b59300
_a891.463.1 थ 87
100 _aकुलकर्णी वसंत.
245 _aमळभ.
260 _bकर्नाटक राज्य मराठी साहित्य परिषद प्रकाशन, गुलबर्गा.
_c1987
300 _a110
_bसाधी
365 _b35
520 _aलघुकथा.
630 _aमळभ.
650 _aलघुकथा.
730 _aमळभ.
942 _cBOOK
999 _c702743
_d702740